| 000 | 00766cam a22002651 4500 | ||
|---|---|---|---|
| 001 | sa 68020058 | ||
| 003 | DLC | ||
| 005 | 20260227112722.0 | ||
| 008 | 930224s1967 ii 000 0 sndo | ||
| 010 | _asa 68020058 | ||
| 020 | _cRs1.25 | ||
| 035 | _a(OCoLC)28001670 | ||
| 040 |
_aDLC _cICU _dDLC |
||
| 042 | _apremarc | ||
| 050 | 0 | 0 |
_aBJ1597 _b.S5 |
| 100 | 1 |
_aSharma, Vishnu, _d1894- |
|
| 245 | 1 | 0 |
_aAmriti varkhā / _cLekhaku Vishnū Nīyanāram Sharma ; Sangharah Khandaṛ Arjandās Bi. Tharvani. |
| 250 | _aChāpū 1. | ||
| 260 |
_aBambaʼī : _bIk̲h̲lāqī Sāhitya Mandal, _c1967. |
||
| 300 |
_a120 p. _c19 cm. |
||
| 490 | 0 |
_aIk̲h̲lāqī Mālhā ; _v19 |
|
| 500 | _aIn Sindhi. | ||
| 650 | 0 | _aConduct of life. | |
| 700 | 1 | _aTharvani, Arjandasu B. | |
| 999 |
_c89226 _d89226 |
||